000
00296nam a22001337a 4500
008
170830b xxu||||| |||| 00| 0 eng d
020
_a
2900495006434
041
_a
eng
080
_2
2 ed
_a
070
100
_a
40
101
_a
MED
245
_a
THE ORSTYLE GUIDE
_c
BARBARA.D
942
_2
udc
_c
BK
999
_c
25589
_d
25589